000 01952nam0a2200373 4500
001 RU\NLR\BIBL_A\022466276
005 20250326114529.0
010 _a978-5-6047942-6-5
021 _aRU
_bАЛ-П-24-01307и
_9АЛ-П-24-0272
035 _a(NLR Aleph) 022466276
090 _a13366686
_c13366686
100 _a20250221d2024 u y0rusy50 ca
101 0 _arus
102 _aRU
105 _aach z 000zd
181 0 _ab3
_bxb2e
181 0 _ai2
_baxxe
182 0 _an
200 1 _aМиры Валерия Елизарова
_eхудожественно-биографический альбом
_eв альбоме представлены фрагменты эссе Людмилы Алимовой "Миры Валерия Елизарова" (журнал "Сибирские огни", 02.02.2006) и воспоминания художника
_f[автор-составитель: Елизаров В. Н.]
203 _aИзображение
_aТекст
_bвизуальные
_cнепосредственные
210 _aАбакан
_cЖурналист
_d2024
215 _a64 с.
_cил., цв. ил., портр., цв. портр., факс.
_d23х30
_e2 л. цв. наклеек
320 _aБиблиогр. в подстроч. примеч. и в тексте
600 1 _aЕлизаров
_bВ.Н.
_gВалерий Николаевич
_f1957
_jАльбомы
_2nlr_sh2
_3RU\NLR\AUTH\6601752645
686 1 _aЩ143(2Р=Ту)75-8 Елизаров я61
686 1 _aЩ153(2Р=Ту)75-8 Елизаров я61
702 1 _aЕлизаров
_bВ. Н.
_f1957-
_gВалерий Николаевич
_3RU\NLR\AUTH\7728219
_4280
_4220
702 1 _aАлимова
_bЛ.
_gЛюдмила
_4072
711 0 2 _a"Сибирские огни", журнал
_cНовосибирск
_3RU\NLR\AUTH\8810047984
942 _cBOOK
980 _aNB